[Event "Leiden SB-ch"]
[Site "Leiden"]
[Date "2006.05.23"]
[Round "2"]
[White "Heshusius, Hans"]
[Black "Sahakjan, Hambartsum"]
[Result "0-1"]
[WhiteElo "1433"]
[BlackElo "1771"]
[PlyCount "67"]
[EventDate "2006.05.16"]
[EventType "swiss"]
[EventRounds "7"]
[EventCountry "NED"]
[SourceTitle "EXT 2012"]
[Source "ChessBase"]
[SourceDate "2011.11.24"]
[SourceVersion "1"]
[SourceVersionDate "2011.11.24"]
[SourceQuality "1"]

1. d4 d5 2. Nf3 Nf6 3. c4 c6 4. Bg5 Ne4 5. Bd2 dxc4 6. e3 b5 7. Nc3 Nxd2 8. Qxd2 e6 9. Be2 Bb4 10. 0-0 0-0 11. Qc2 Bb7 12. b3 cxb3 13. Qxb3 a5 14. Rfc1 Nd7 15. a3 Be7 16. Qc2 b4 17. axb4 axb4 18. Nd1 Qb6 19. Nb2 Rxa1 20. Rxa1 c5 21. Nc4 Qc7 22. Qd3 Ra8 23. Rd1 Nb6 24. Nfd2 Ba6 25. Qb3 cxd4 26. Bf3 Rc8 27. Nxb6 Qxb6 28. exd4 Qxd4 29. Ne4 Qc4 30. Qb2 Qc2 31. Qa1 Be2 32. Bxe2 Qxe4 33. Bf3 Qc2 34. Be4 0-1